000 00742nab a2200169 4500
003 ES-SlBCS
005 20230517074812.0
008 150730s2015 sp ||||| |||| 00| 0 spa d
040 _aES-SlBCS
_bspa
100 1 _aVargas Abarzúa, Esteban
_983020
245 1 3 _aEl concepto de especie en Zubiri
_b: Aportes al debate contemporáneo sobre el problema ontológico de la especie
_cEsteban Vargas Abarzúa
246 1 1 _aThe species concept in Zubiri
_b: Conributions to the contemporary debate about the ontological species problem
600 1 0 _aZubiri, Xavier
_d(1898-1983)
_xCrítica e interpretación
_9120105
650 0 4 _aEsencia
_9132808
773 0 _gVol. 71, Nº 266, 2015, págs. 505-516
_tPensamiento
_wRev321
_x0031-4749
942 _2lcc
_cAR
999 _c853339
_d853339